000
00306 a2200133 4500
005
20250702063259.0
020
_a
978-1-781-78109-068-8
082
_a
823.92 OSB
100
_a
OSBORNE, L.
245
_a
Beautiful Animals.
260
_a
New York,
_b
Hogarth,
_c
2017.
300
_a
295p.
_c
21cm
942
_2
ddc
_c
BKS
999
_c
6513
_d
6513